| 000 | 00484nam a2200193Ia 4500 | ||
|---|---|---|---|
| 005 | 20260523111811.0 | ||
| 008 | 131103s9999 xx 000 0 und d | ||
| 040 | _aLoreto College | ||
| 041 | _aEnglish | ||
| 082 |
_a808.7 _bSUT |
||
| 100 | _aSutherland, James | ||
| 245 |
_aEnglish satire _cJames Sutherland |
||
| 260 |
_aCambridge _bCambridge University Press _c1967 |
||
| 300 | _a174 p. | ||
| 504 | _aIncludes index | ||
| 650 | _aLiterature | ||
| 850 | _aLCLIB | ||
| 942 | _cBK | ||
| 999 |
_c7375 _d57854 |
||